[Event "Wch U12"]
[Site "Montesilvano"]
[Date "2024.11.20"]
[Round "6"]
[White "Birmenko, Nikolay"]
[Black "Le, Anh Tu"]
[Result "1-0"]
[WhiteElo "2084"]
[BlackElo "1812"]
[PlyCount "85"]
[EventDate "2024.11.15"]
[EventType "swiss"]
[EventRounds "11"]
[EventCountry "ITA"]
[SourceTitle "CB48_2024"]
[SourceDate "2024.11.28"]
[SourceVersion "1"]
[SourceVersionDate "2024.11.28"]
[SourceQuality "1"]

1. e4 c5 2. Nf3 Nc6 3. Bb5 e6 4. Bxc6 bxc6 5. d3 Ne7 6. Qe2 Ng6 7. h4 h5 8. e5 f6 9. Nbd2 Qc7 10. Nc4 Ba6 11. Qe4 Kf7 12. Bf4 Qb7 13. 0-0-0 f5 14. Qe3 Rb8 15. b3 Qb4 16. g3 Ne7 17. Qe1 Qxe1 18. Nd6+ Kg6 19. Rhxe1 Nd5 20. c4 Nxf4 21. gxf4 Be7 22. Rg1+ Kh7 23. Ng5+ Bxg5 24. Rxg5 g6 25. Rdg1 Rhg8 26. Kb2 Rb6 27. R5g3 Rbb8 28. Kc3 Bb7 29. a3 a5 30. d4 cxd4+ 31. Kxd4 Ba8 32. Kc5 Kh6 33. Nf7+ Kg7 34. Ng5 Kh6 35. Rd1 Rg7 36. Rgd3 Rb7 37. b4 Re7 38. bxa5 Ra7 39. a6 Rxa6 40. Rxd7 Ra7 41. Rxe7 Rxe7 42. Rd8 Bb7 43. Kd6 1-0

[Event "St Petersburg Korchnoi Memorial op"]
[Site "St Petersburg"]
[Date "2024.08.22"]
[Round "9"]
[White "Komissarova, Soigina"]
[Black "Birmenko, Nikolay"]
[Result "0-1"]
[WhiteElo "1842"]
[BlackElo "2016"]
[PlyCount "76"]
[EventDate "2024.08.17"]
[EventType "swiss"]
[EventRounds "9"]
[EventCountry "RUS"]
[SourceTitle "EXT 2025"]
[Source "ChessBase"]
[SourceDate "2024.10.14"]
[SourceVersion "1"]
[SourceVersionDate "2024.10.14"]
[SourceQuality "1"]

1. e4 Nf6 2. e5 Nd5 3. d4 d6 4. Nf3 g6 5. c4 Nb6 6. Be2 Bg7 7. 0-0 0-0 8. h3 Nc6 9. exd6 cxd6 10. Nc3 Bf5 11. Be3 d5 12. g4 Be6 13. c5 Nd7 14. Rb1 Nxc5 15. dxc5 d4 16. Ng5 dxe3 17. Nxe6 exf2+ 18. Kg2 fxe6 19. Qxd8 Raxd8 20. Bc4 Nd4 21. Rxf2 Rxf2+ 22. Kxf2 Bh6 23. Ne4 Rf8+ 24. Kg2 Rf4 25. Nd2 Kf8 26. b3 Nc2 27. Rb2 Na3 28. Kg3 Rd4 29. Nf3 Nxc4 30. bxc4 Bf4+ 31. Kh4 Rxc4 32. Rxb7 Rc3 33. Rb3 Rxc5 34. Nd4 Kf7 35. Rf3 e5 36. g5 Rc4 37. Nb5 Ke6 38. Kg4 Bh2+ 0-1

[Event "St Petersburg Korchnoi Memorial op"]
[Site "St Petersburg"]
[Date "2024.08.20"]
[Round "7"]
[White "Birmenko, Nikolay"]
[Black "Zubritskiy, Artyom"]
[Result "1/2-1/2"]
[WhiteElo "2016"]
[BlackElo "2453"]
[PlyCount "159"]
[EventDate "2024.08.17"]
[EventType "swiss"]
[EventRounds "9"]
[EventCountry "RUS"]
[SourceTitle "EXT 2025"]
[Source "ChessBase"]
[SourceDate "2024.10.14"]
[SourceVersion "1"]
[SourceVersionDate "2024.10.14"]
[SourceQuality "1"]

1. e4 c5 2. Nf3 e6 3. d4 cxd4 4. Nxd4 Nf6 5. Bd3 a6 6. 0-0 Qc7 7. Qe2 d6 8. c4 Nbd7 9. b3 Be7 10. Bb2 0-0 11. Nc3 Re8 12. Kh1 b6 13. f4 Bb7 14. Rae1 Nf8 15. Qf3 N6d7 16. Qg3 Bf6 17. Nf3 Ng6 18. h4 e5 19. f5 Nf4 20. Bb1 b5 21. Nd5 Qc5 22. Nd2 bxc4 23. bxc4 Rac8 24. Rf3 Nxd5 25. exd5 Qa5 26. Ne4 Rxc4 27. Bd3 Ra4 28. Bc2 Rxa2 29. Nxd6 Rb8 30. Nc4 Qd8 31. Nxe5 Bxh4 32. Qf4 Bxe1 33. Nxd7 Qh4+ 34. Qxh4 Bxh4 35. Rb3 Re8 36. Rxb7 Bg3 37. Be5 Bxe5 38. Nxe5 Rxc2 39. Nxf7 Rd2 40. Rd7 Rf8 41. Ng5 Rxf5 42. Ne6 Rdxd5 43. Rxg7+ Kh8 44. Ra7 h5 45. Rxa6 Rf6 46. Kh2 Rd8 47. Nxd8 Rxa6 48. Nf7+ Kg7 49. Ne5 Kf6 50. Nf3 Kf5 51. Kg3 Ra4 52. Nh4+ Kg5 53. Nf3+ Kf5 54. Nh4+ Ke4 55. Nf3 Ke3 56. Nh2 Ke2 57. Kh3 Kf2 58. g4 hxg4+ 59. Nxg4+ Kf3 60. Nh2+ Kf4 61. Kg2 Ra3 62. Nf1 Ra2+ 63. Kg1 Rb2 64. Nh2 Kg3 65. Nf1+ Kh3 66. Ne3 Re2 67. Nf1 Rg2+ 68. Kh1 Rg8 69. Nh2 Kg3 70. Kg1 Kh3+ 71. Kh1 Rb8 72. Kg1 Rb2 73. Nf1 Rg2+ 74. Kh1 Rg6 75. Nh2 Kg3 76. Kg1 Rf6 77. Nf1+ Kf3 78. Nh2+ Kg3 79. Nf1+ Rxf1+ 80. Kxf1 1/2-1/2

[Event "St Petersburg Korchnoi Memorial op"]
[Site "St Petersburg"]
[Date "2024.08.18"]
[Round "3"]
[White "Birmenko, Nikolay"]
[Black "Skatchkov, Valery"]
[Result "1-0"]
[WhiteElo "2016"]
[BlackElo "2257"]
[PlyCount "45"]
[EventDate "2024.08.17"]
[EventType "swiss"]
[EventRounds "9"]
[EventCountry "RUS"]
[SourceTitle "CBM 221 Extra"]
[Source "ChessBase"]
[SourceDate "2024.09.30"]
[SourceVersion "1"]
[SourceVersionDate "2024.09.30"]
[SourceQuality "1"]

1. e4 c5 2. Nf3 e6 3. d4 cxd4 4. Nxd4 Nc6 5. Nxc6 bxc6 6. Bd3 Nf6 7. 0-0 d5 8. Nd2 Be7 9. e5 Nd7 10. Re1 Rb8 11. c3 Nc5 12. Bc2 Ba6 13. Nb3 Nd7 14. Qg4 g6 15. Bh6 Bf8 16. Bg5 Be7 17. Bh6 Bf8 18. Bf4 Bg7 19. Nd4 Rb6 20. Bg5 Qc8 21. Nxe6 Bxe5 22. Nc5 f5 23. Bxf5 1-0

[Event "St Petersburg Korchnoi Memorial op"]
[Site "St Petersburg"]
[Date "2024.08.17"]
[Round "1"]
[White "Birmenko, Nikolay"]
[Black "Gerchikov, Matvey"]
[Result "1-0"]
[WhiteElo "2016"]
[BlackElo "1668"]
[PlyCount "87"]
[EventDate "2024.08.17"]
[EventType "swiss"]
[EventRounds "9"]
[EventCountry "RUS"]
[SourceTitle "CBM 221 Extra"]
[Source "ChessBase"]
[SourceDate "2024.09.30"]
[SourceVersion "1"]
[SourceVersionDate "2024.09.30"]
[SourceQuality "1"]

1. e4 c5 2. Nf3 d6 3. Bb5+ Bd7 4. Bxd7+ Qxd7 5. 0-0 Nf6 6. Qe2 Nc6 7. c3 e6 8. d4 cxd4 9. cxd4 d5 10. e5 Ne4 11. Be3 Be7 12. Ne1 f6 13. f3 Ng5 14. Nd3 0-0 15. Nd2 Rac8 16. Rfc1 Nb4 17. exf6 gxf6 18. Bxg5 Nxd3 19. Rxc8 Rxc8 20. Bxf6 Nxb2 21. Be5 Rc2 22. f4 Qe8 23. f5 exf5 24. Bf6 Rxd2 25. Qxd2 Bxf6 26. Qxb2 Qe3+ 27. Kh1 Bxd4 28. Qc1 Qxc1+ 29. Rxc1 Be3 30. Rc7 b5 31. g3 Bb6 32. Rd7 d4 33. Kg2 Kf8 34. Kf3 Ke8 35. Rd5 Ke7 36. Rxf5 a6 37. Ke4 Kd6 38. Rh5 b4 39. Rxh7 Kc5 40. g4 a5 41. g5 a4 42. g6 b3 43. axb3 a3 44. g7 1-0